| 000 | 01726cam a22005294i 4500 | ||
|---|---|---|---|
| 003 | PE-LiUPU | ||
| 005 | 20250731165509.0 | ||
| 008 | 180130s2016 sp a rb 000 0 spa d | ||
| 020 | _a9788428396738 | ||
| 035 | _a(Sirsi) a241103 | ||
| 040 |
_aPE-LiUPU _bspa _cPE-LiUPU _erda |
||
| 049 | _aPRUA | ||
| 082 | 0 | 4 |
_a005.276 _bB45 _223 |
| 100 | 1 |
_aBerenguel Gómez, José Luis, _eautor. |
|
| 245 | 1 | 0 |
_aDesarrollo de aplicaciones web distribuidas UF1846 / _cJosé Luis Berenguel Gómez. |
| 264 | 1 |
_aMadrid : _bParaninfo, _c2016. |
|
| 300 |
_axv, 115 páginas : _bilustraciones ; _c24 centímetros |
||
| 336 |
_atext _2rdacontent |
||
| 337 |
_aunmediated _2rdamedia |
||
| 338 |
_avolume _2rdacarrier |
||
| 504 | _aBibliografía : página 115. | ||
| 505 | 0 | _aArquitecturas distribuidas orientadas a servicios -- Progrmación de servicios web en entornos distribuidos. | |
| 526 | _aSEG44 | ||
| 526 | _aSEG26 | ||
| 526 | _aP151 | ||
| 526 | _aP150 | ||
| 526 | _aP149 | ||
| 526 | _aP146 | ||
| 526 | _aP145 | ||
| 526 | _aP126 | ||
| 526 | _aP125 | ||
| 526 | _aP92 | ||
| 526 | _aP75 | ||
| 526 | _aP74 | ||
| 526 | _aP27 | ||
| 526 | _aP15 | ||
| 541 | _g001-0042354; | ||
| 650 | 0 | 4 | _aProgramación web. |
| 650 | 0 | 4 | _aCertificación. |
| 650 | 0 | 4 | _aWeb programming. |
| 650 | 0 | 4 | _aCertification. |
| 910 |
_adbm _bncf _cncf _d20180130 |
||
| 942 |
_2ddc _cBOOK |
||
| 994 |
_aC0 _bPEPRU |
||
| 596 | _a1 | ||
| 999 |
_a005.276 B45 _wDEWEY _c26744 _i78270 _d26744 _e2020-3-10 _f2021-11-9 _g4 _lCCODEBUL1 _mBUL _n4 _p19.28 _r0 _sY _tBOOK _u2018-1-30 _xINGENIERIA _PP27 _0COMPRA _o.STAFF. Colección Ingeniería y Arquitectura |
||
| 980 |
_81 _gALBERTO SANCHEZ Responsable de Automatización |
||